|
|
|
|
| LEADER |
00000nam0a2200000 4500 |
| 001 |
113591 |
| 005 |
20231031121904.0 |
| 035 |
|
|
|a (RuTPU)RU\TPU\book\122853
|
| 035 |
|
|
|a RU\TPU\book\69793
|
| 090 |
|
|
|a 113591
|
| 100 |
|
|
|a 20070413d1992 k y0rusy50 ca
|
| 101 |
0 |
|
|a rus
|
| 102 |
|
|
|a RU
|
| 105 |
|
|
|a a b 000zy
|
| 200 |
1 |
|
|a Водоподготовительное оборудование и установки для ТЭС
|e Отраслевой каталог
|f Центральный научно-исследовательский институт информации и технико-экономических исследований по тяжелому и транспортному машиностроению (ЦНИИТЭИТЯЖМАШ)
|
| 210 |
|
|
|a Москва
|c ЦНИИТЭИтяжмаш
|d 1992
|
| 215 |
|
|
|a 128 с.
|c ил.
|
| 610 |
1 |
|
|a промышленная энергетика
|
| 610 |
1 |
|
|a тепловые электрические станции
|
| 610 |
1 |
|
|a водоподготовительные установки
|
| 610 |
1 |
|
|a фильтры
|
| 610 |
1 |
|
|a испарители
|
| 610 |
1 |
|
|a блочные установки
|
| 610 |
1 |
|
|a отраслевые каталоги
|
| 675 |
|
|
|a 621.311.22.002.5:621.182.1(085)
|v 3
|
| 712 |
0 |
2 |
|a Центральный научно-исследовательский институт информации и технико-экономических исследований по тяжелому и транспортному машиностроению (ЦНИИТЭИТЯЖМАШ)
|2 stltpush
|3 (RuTPU)RU\TPU\col\4421
|
| 801 |
|
1 |
|a RU
|b 63413507
|c 20040628
|g PSBO
|
| 801 |
|
2 |
|a RU
|b 63413507
|c 20070413
|g PSBO
|
| 942 |
|
|
|c BK
|